| 000 | 00746nam a2200229 u 4500 | ||
|---|---|---|---|
| 005 | 20220811064110.0 | ||
| 008 | 100705s2008 r 000 0 eng d | ||
| 020 | _a9788480632454 | ||
| 035 | _aUPN01000177145 | ||
| 049 | _aCG | ||
| 050 | 4 |
_aQA40.5 _bR6.2 2008 |
|
| 100 | 1 | _aRoig, Pere | |
| 245 | 1 | 0 |
_aApín capón zapún amanicano (1134) : _bpara entender : el número y sus representaciones / _cPere Roig y Jordy Font ; tr. Núria Fabrés Bis. |
| 250 | _a4a ed. | ||
| 260 |
_aBarcelona, Esp. : _bOctaedro, _c2008. |
||
| 300 |
_a76 p. : _bil. col. |
||
| 440 | 0 |
_aNarraciones solaris ; _v1 |
|
| 650 | 4 |
_aMATEMATICAS - _vLITERATURA JUVENIL _913675 |
|
| 650 | 4 |
_aConcepto de número _93973 |
|
| 700 | 1 |
_aFont, Jordy, _ecoaut. |
|
| 905 | _aLibro | ||
| 999 |
_c149248 _d149248 |
||